000 00632nam a2200265Ia 4500
005 20260306164039.0
008 008 260114s9999 xx 000 0 eng d
020 _a9781399503310
037 _aEBOOK
040 _aCRL
040 _beng
040 _cCRL
041 _2eng
041 _aeng
084 _qCRL
100 _aAl-salimi
_91129893
245 0 _aArab Philosophical Trends: Responses To Modernity
260 _bEdinburgh University Press
260 _c2025
650 _aPhilosophy
856 _uhttps://academic.oup.com/book/59172
942 _cEBOOK
999 _c1712534
_d1712534